Reading Approach to college Writing (Record no. 542960)
[ view plain ]
| 000 -LEADER | |
|---|---|
| fixed length control field | 00310nam a22001097a 4500 |
| 082 ## - DEWEY DECIMAL CLASSIFICATION NUMBER | |
| Classification number | 372.623 |
| Author Mark | REA |
| -- | L-29 |
| 245 ## - TITLE STATEMENT | |
| Title | Reading Approach to college Writing |
| 260 ## - PUBLICATION, DISTRIBUTION, ETC. | |
| Place of publication, distribution, etc. | California |
| Name of publisher, distributor, etc. | Chandler Publishing Company |
| 300 ## - PHYSICAL DESCRIPTION | |
| Extent | 311 P : |
| Other physical details | ill : |
| Dimensions | 22cm |
| 526 ## - STUDY PROGRAM INFORMATION NOTE | |
| Program name | 0 |
| Interest level | 0 |
| Reading level | 0 |
| Title point value | 372_623000000000000_REA |
| 942 ## - ADDED ENTRY ELEMENTS (KOHA) | |
| Source of classification or shelving scheme | |
| Koha item type | Book |
| Withdrawn status | Lost status | Source of classification or shelving scheme | Damaged status | Not for loan | Permanent Location | Current Location | Date acquired | Total Checkouts | Full call number | Barcode | Date last seen | Date last checked out | Price effective from | Koha item type |
|---|---|---|---|---|---|---|---|---|---|---|---|---|---|---|
| Military College of Engineering (MCE) | Military College of Engineering (MCE) | 02/26/2014 | 1 | 372.623 REA | MCE-2087 | 03/07/2019 | 07/18/2017 | 02/26/2014 | Book |
